000 01076nam a22002417a 4500
005 20250514111322.0
008 250514b |||||||| |||| 00| 0 eng d
020 _a978-81-214-0710-6 (hbk)
037 _cTB
040 _aCRL
_cCRL
041 _2hin
_ahin
084 _aO152,1J32,11(P,4) P3
_qCRL
100 _aजिन्दल, कैलाश भूषण
_9784320
245 _aमानस की लोकोक्तियां
260 _aनयी दिल्ली, भारत:
_bनैशनल पब्लिशिंग हाउस,
_c2003.
300 _a104पृ0
365 _b160.00
_cINR
650 _aहिन्दी साहित्य
_9784321
650 _aराम चरितमानस
_9784322
650 _aलोकोक्ति
_9784323
942 _2CC
_cTB
_hO152,1J32,11(P,4) P3
_n0
999 _c1400845
_d1400845